000 00915cab a2200181 4500
001 ##L132765
008 060307n2006 000 0 eng u
035 _a(Sirsi) u132765
041 0 _aeng
100 1 _aHarris, Mark
245 0 0 _aMeeting the agenda
260 _c2006
490 0 _aRICS Building Control
_v(167) March 2006, 10-11(2)
520 _aExamines some of the misconceptions that have arisen on the subject of sustainability, and considers some of the ways in which construction can help to put the idea of sustainability into practice. Emphasises that this involves not only assessing the environmental impact of construction methods, and the economic and sociological effects of the development, but also related issues such as transport, waste, and health and safety.
590 _aIKA140306
690 _aENVIRONMENTAL AND LAND CONSULTANCY-SUSTAINABILITY-SUSTAINABLE DEVELOPMENT
942 _n0
999 _c76613
_d76613